Normal view MARC view

Entry Topical Term

Number of records used in: 1

001 - CONTROL NUMBER

  • control field: 13231

003 - CONTROL NUMBER IDENTIFIER

  • control field: OSt

005 - DATE AND TIME OF LATEST TRANSACTION

  • control field: 20191115122335.0

008 - FIXED-LENGTH DATA ELEMENTS

  • fixed length control field: 191115|| aca||aabn | a|a d

040 ## - CATALOGING SOURCE

  • Original cataloging agency: OSt
  • Transcribing agency: OSt

150 ## - HEADING--TOPICAL TERM

  • Topical term or geographic name entry element: Investment - India - Karnataka

670 ## - SOURCE DATA FOUND

  • Source citation: Work cat.: (OSt): Singh, Chandrika 13229, Public investment for addressing childhood wasting in Maharashtra and Karnataka

Powered by Koha